Entrenador d'habilitats directives [Recurs electrònic]
Descripción Física:
1 disc òptic (CD-ROM) ; 12 cm
Materias:
Aptitud per a la direcció
MARC
| LEADER | 00000nam a2200000Ia 4500 | ||
|---|---|---|---|
| 001 | 23199 | ||
| 008 | 160829s2011 xx 000 0 cat d | ||
| 080 | |a CD-1-185 | ||
| 245 | |a Entrenador d'habilitats directives [Recurs electrònic] | ||
| 250 | |a 2a ed. | ||
| 260 | |a Barcelona : |b Diputació de Barcelona. Àrea de Desenvolupament Econòmic, |c 2011 | ||
| 300 | |a 1 disc òptic (CD-ROM) ; |c 12 cm | ||
| 590 | |a Requeriments del sistema: Sistema operatiu Windows XP o superior i Mac OS X 10.4 o superior. Processador mínim a 1GHz o superior. Memòria RAM de 128 MB o superior. Resolució de pantalla mínima 1024x768 px. Lector de CD-ROM | ||
| 650 | |a Aptitud per a la direcció |9 45107 | ||
| 710 | 1 | |a Barcelona (Catalunya : Província). |b Àrea de Desenvolupament Econòmic |9 52904 | |
| 901 | |a Arxiu | ||
| 942 | |n 1 | ||
| 952 | |0 0 |1 0 |4 0 |6 CD1185 |7 1 |9 53230 |a Arxiu |b Arxiu |d 2016-12-01 |l 0 |o CD-1-185 |p 23199 |r 2016-12-01 00:00:00 |w 2016-12-01 |y ARXIU | ||
| 999 | |c 57079 |d 57079 | ||